| 000 | 003530000a22001450004500 | ||
|---|---|---|---|
| 020 | _a84-8280-399-9 | ||
| 041 | 0 | _aSPA | |
| 082 | 0 | 4 | _aG 863 C313m |
| 100 | 1 | _aCarrasquilla, Tomás (1858-1940) | |
| 245 | 1 | 0 | _aLa marquesa de Yolombó / Tomás Carrasquilla |
| 260 | _aBogotá, Colombia : Oveja Negra | ||
| 300 | _a319 Pag | ||
| 001 | 10952 | ||
| 942 | _cBK | ||
| 999 |
_c40339 _d40339 |
||